| 000 | 00895nam a2200277Ia 4500 | ||
|---|---|---|---|
| 003 | OSt | ||
| 005 | 20221005082425.0 | ||
| 006 | a|||||r|||| 00| 0 | ||
| 007 | ta | ||
| 008 | 221004b |||||||| |||| 00| 0 eng d | ||
| 020 |
_a8188658499 _c600 |
||
| 024 | _a81541 | ||
| 037 |
_b583/I, 30/03/2005, Eastern Book Linkers _cTextual |
||
| 040 |
_aCRL _cCRL _beng |
||
| 041 |
_2eng _aeng |
||
| 082 | _aQ3v, P4 | ||
| 100 | _aChanchreek K. L. Ed. | ||
| 245 | 0 |
_aJaina religion _b History and tradition edited by K. L. Chanchreek and Mahesh K. Jain |
|
| 260 |
_aNew Delhi _bShree Publishers and Distributors India _c2004 |
||
| 300 |
_a272p. _ccm. |
||
| 650 | _a RELIGION | ||
| 650 | _aJAINISM | ||
| 700 |
_a Jain Mahesh K. Ed. _9146961 |
||
| 942 |
_hQ3v, P4 _cTEXL _2cc |
||
| 999 |
_c989271 _d989271 |
||